Quizzes
Events
Quiz Creation
Community
Videos
Private Events
Remove Ads
Sign In
Join for FREE
Feedback
Dark Mode
Quiz Categories
Sports
Geography
Music
Movies
Television
Just For Fun
Miscellaneous
History
Literature
Language
Science
Gaming
Entertainment
Religion
Holiday
For Kids
Quiz Lab
Recent
Popular Today
Quiz Kudos Today
Editor Picks
Curator Picks
Quizzes by...
Day
Popularity
Type
Ratings
Length
Year
Community
Subscriptions
Recent Discussions
Orange Saloon
Badges
Playlists
Quests
Create
Leaderboards
Showdown
Live 5
Trivia Bingo
Activity
Puzzle Library
Sporcle Events
Private Events
Virtual Trivia
Globe League
Become a Host
Pub Owners
SporcleCon
Opinionation
Our Games
Videos
Blog
Mobile Apps
Partnerships
Remove Ads and Go Orange
Feedback
Sports
Athletes
MLB
NBA
NHL
NFL
Soccer
Sports Teams
WWE
NCAA
Football
Premier League
Basketball
Baseball
Hockey
Golf
Tennis
Cricket
Rugby
Auto Racing
Olympics
World Cup
Sports
Athletes
MLB
NBA
NHL
NFL
Soccer
Sports Teams
WWE
NCAA
Football
Premier League
Basketball
Baseball
Hockey
Golf
Tennis
Cricket
Rugby
Auto Racing
Olympics
World Cup
Random Quiz
Search Sporcle
×
Quiz Lab
Quiz Lab
Sports
Davis
Type in answers that appear in a list
Type in answers that appear in a list
Classic
Best Score? Go Orange.
Les vainqueurs de la coupe Davis à partir de 1946 Stats
Pouvez-vous nommer tous les vainqueurs de la coupe Davis à partir de 1946 ?
By
laprovence
5m
71 Questions
285 Plays
285 Plays
285 Plays
Comments
Comments
Give Quiz Kudos
Give Quiz Kudos
-
- Ratings
hide this ad
Replay
Link that replays current quiz
Next Quiz
Link to next quiz in quiz playlist
You Got
0%
They Got
Avg Score
88%
Avg Friend Score
Upgrade to see
Score Distribution
Jump to the score distribution portion of the page
Score
0/71
Timer
05:00
0
Plays Today
Année
Pays
% Correct
1991
France
98.9%
1996
France
98.9%
2001
France
98.9%
1946
États-Unis
96.8%
1947
États-Unis
96.8%
1948
États-Unis
96.8%
1949
États-Unis
96.8%
1954
États-Unis
96.8%
1958
États-Unis
96.8%
1963
États-Unis
96.8%
1968
États-Unis
96.8%
1969
États-Unis
96.8%
1970
États-Unis
96.8%
1971
États-Unis
96.8%
1972
États-Unis
96.8%
1978
États-Unis
96.8%
1979
États-Unis
96.8%
1981
États-Unis
96.8%
1982
États-Unis
96.8%
1990
États-Unis
96.8%
1992
États-Unis
96.8%
1995
États-Unis
96.8%
2007
États-Unis
96.8%
2000
Espagne
96.5%
2004
Espagne
96.5%
2008
Espagne
96.5%
2009
Espagne
96.5%
2011
Espagne
96.5%
1950
Australie
92.3%
1951
Australie
92.3%
1952
Australie
92.3%
1953
Australie
92.3%
1955
Australie
92.3%
1956
Australie
92.3%
1957
Australie
92.3%
1959
Australie
92.3%
Année
Pays
% Correct
1960
Australie
92.3%
1961
Australie
92.3%
1962
Australie
92.3%
1964
Australie
92.3%
1965
Australie
92.3%
1966
Australie
92.3%
1967
Australie
92.3%
1973
Australie
92.3%
1977
Australie
92.3%
1983
Australie
92.3%
1986
Australie
92.3%
1999
Australie
92.3%
2003
Australie
92.3%
2014
Suisse
91.6%
2010
Serbie
89.1%
1993
Allemagne
88.8%
2002
Russie
88.4%
2006
Russie
88.4%
2016
Argentine
87%
1976
Italie
85.6%
1975
Suède
84.9%
1984
Suède
84.9%
1985
Suède
84.9%
1987
Suède
84.9%
1994
Suède
84.9%
1997
Suède
84.9%
1998
Suède
84.9%
2005
Croatie
72.3%
2015
Grande-Bretagne
70.2%
2012
Rép. tchèque
63.2%
2013
Rép. tchèque
63.2%
1980
Tchécoslovaquie
43.5%
1974
Afrique du Sud
31.9%
1988
Allemagne de l'ouest
29.8%
1989
Allemagne de l'ouest
29.8%
Quiz Playlist
Details
Report
Send in Message
Add To Playlist
Classic:
Type in answers that appear in a list
Last Updated: Sep 19, 2017
Quiz Scoreboard
CHALLENGE
Sign Up to Join the Scoreboard
Show All
Scores
Hide
Comments
May contain spoilers
Recently Published
9x9 Crossword: Cartoon Network
by jackfrog10
Miscellaneous
3m
College Basketball Coaching Resumes
by pancakes188
Sports
9m
Billboard Blitz: Fleetwood Mac
by CooCooCachoo
Music
15s
More to Explore
Quiz From the Vault
Featured Blog Post
Where Did the Easter Bunny Come From?
hide this ad
You Might Also Like...
Tags
1946
Davis
les
Pay
Today's Top Quizzes in Sports
Browse Sports
hide this ad
Today's Top Quizzes in Davis
Browse Davis
Top Contributed Quizzes in Sports
1
2022 World Cup Stars
2
Les meilleurs buteurs des matchs entre le PSG et l’OM
3
FIFA Club World Cup Champions
4
Les entraîneurs de l'OM et du PSG au 21e siècle
5
Criteria MLB: Left Handed Sluggers
6
2023 MLB Unique Player Accomplishments
7
AFC Teams Reveal (Wrong Answers Minefield)
8
Players with Multiple 50 Home Run Seasons
9
5-to-1: FBS Animal Nicknames
10
5-to-1: UK Sports Teams
Explore More
Trending Topics
Disney
Anime
Marvel
NBA
Crossword
Kpop
Harry Potter
Song
The Office
Puzzle
WWE
Pokémon
Country
NFL
Soccer
hide this ad
More By:
laprovence
Quiz
Plays
Rating
Category
Featured
Created
Les quartiers de Marseille
2,477
5.00
Geography
Sep 18, 2017
Les 22 de la coupe du monde 1998
1,826
5.00
Sports
Jul 12, 2018
Le vocabulaire marseillais
1,175
5.00
Language
Sep 20, 2017
Villes des Bouches-du-Rhône
868
5.00
Geography
Oct 11, 2017
Monuments de Marseille
740
5.00
History
Sep 29, 2017
Go to Creator's Profile
Score Distribution
Quiz Creator Spotlight
laprovence
Follow
Send a Message
Quizzes Created
-
Created Quiz Play Count
-
More By This Creator
Popular Quizzes Today
1
Find the US States - No Outlines Minefield
2
Find the Countries of Europe - No Outlines Minefield
3
The Countries of the World
4
Find the US States
5
Risky Map Clicking: Biggest States A-Z
6
US States
7
Popular People in 1961
8
Movies - When Are They Set?
More Sports Quizzes
Franck Ribéry's Cup Final XI's
Quiz Lab
Trending Quizzes
Risky Map Clicking: Least Populous States A-Z
1-10 Letter G Words
Risky Map Clicking: Next State Alphabetically
Adjectives in 80s TV Shows
Risky Map Clicking: Biggest States A-Z
Recently Updated
Leaping Animals
pecheneg
Reality TV Shows (A-Z)
bhenderson79
Rickey Henderson's Hall of Fame Teammates
pecheneg
Champions League XIs: Arsenal
pecheneg
Quick Pick: Celebrities in WWE's Hall of Fame
aduchscher
A-Z Keypad Blitz II
pecheneg
Multiple Oscar Actors
pecheneg
Mystery Phrase Blitz: Oscar 'Best Actors'
pecheneg
F. Scott Fitzgerald Novels
LTH
Pick 3 Villains
ddd62291
Trending Topics
Anime
Marvel
NBA
Kpop
Harry Potter
Disney
Crossword
Pokémon
Soccer
WWE
Country
Puzzle
NFL
Song
The Office
Your Account Isn't Verified!
In order to create a playlist on Sporcle, you need to verify the email address you used during registration. Go to your
Sporcle Settings
to finish the process.
Report this User
Report this user for behavior that violates our
Community Guidelines
.
Details:
Send Report
Go to the Sporcle.com Mobile Site →
Comments